000 00315nam a2200133Ia 4500
008 191201s2013 xx 000 0 und d
100 _aPANDIT, GS
245 0 _aStructural Analysis: A Matrix Approach
250 _aRep
260 _aN. Delhi
_bTMH
_c2013
300 _a593
650 _aB.Tech(CE)
942 _2ddc
_cBK
999 _c5603
_d5603